|
|
|
|
| LEADER |
00000nam0a2200000 4500 |
| 001 |
321089 |
| 005 |
20231102003336.0 |
| 035 |
|
|
|a (RuTPU)RU\TPU\book\346635
|
| 090 |
|
|
|a 321089
|
| 100 |
|
|
|a 20160815d1974 m y0rusy50 ca
|
| 101 |
0 |
|
|a rus
|
| 102 |
|
|
|a RU
|
| 105 |
|
|
|a y j 001zy
|
| 200 |
1 |
|
|a Редактирование научной, технической литературы и информации
|e учебник
|f Е. С. Лихтенштейн, А. И. Михайлов
|
| 210 |
|
|
|a Москва
|c Высшая школа
|d 1974
|
| 215 |
|
|
|a 311 с.
|
| 320 |
|
|
|a Библиогр.: с. 287-296
|
| 320 |
|
|
|a Указ.: с. 297-307
|
| 606 |
1 |
|
|a Редактирование
|x Издательское дело
|2 stltpush
|3 (RuTPU)RU\TPU\subj\24206
|9 48621
|
| 610 |
1 |
|
|a научная литература
|
| 610 |
1 |
|
|a научно-технический прогресс
|
| 610 |
1 |
|
|a производственно-техническая документация
|
| 610 |
1 |
|
|a методика
|
| 610 |
1 |
|
|a редакционная подготовка
|
| 610 |
1 |
|
|a указатели
|
| 610 |
1 |
|
|a библиография
|
| 610 |
1 |
|
|a информация
|
| 610 |
1 |
|
|a документальные источники
|
| 610 |
1 |
|
|a справочно-библиографический аппарат
|
| 610 |
1 |
|
|a учебники
|
| 610 |
1 |
|
|a библиотека А. Г. Стромберга
|
| 675 |
|
|
|a 655.51(075.8)
|v 3
|
| 700 |
|
1 |
|a Лихтенштейн
|b Е. С.
|g Ефим Семенович
|
| 701 |
|
1 |
|a Михайлов
|b А. И.
|g Александр Иванович
|
| 801 |
|
1 |
|a RU
|b 63413507
|c 20160815
|
| 801 |
|
2 |
|a RU
|b 63413507
|c 20171004
|g RCR
|
| 942 |
|
|
|c BK
|